El estatuto constitucional del menor inmigrante

Spremljeno u:
Bibliografski detalji
Glavni autor: Alonso Sanz, Lucía (Autor)
Format: Knjiga
Jezik:španjolski
Izdano: Madrid Centro de Estudios Políticos y Constitucionales 2016
Izdanje:1a. ed
Serija:Colección Estudios Constitucionales
Teme:
Oznake: Dodaj oznaku
Bez oznaka, Budi prvi tko označuje ovaj zapis!

MARC

LEADER 00000cam a2200000 a 4500
001 UCC8954
003 CL-VaPUC
008 190830e20160000sp |||||||||||||||||spa|d
020 |a 9788425916922 
082 0 4 |a 342.0873  |b ALO  |2 21 
100 0 |a Alonso Sanz, Lucía  |e author  |9 603663 
245 1 3 |a El estatuto constitucional del menor inmigrante 
250 |a 1a. ed 
300 |a 460 p 
942 |c BK 
945 |d 20190830 10:52:00  |a dcastane 
260 |a Madrid  |b Centro de Estudios Políticos y Constitucionales  |c 2016 
650 0 |a Derecho constitucional   |9 222588 
650 0 |a Inmigrantes  |9 317882 
583 |a last modification  |c 20190830 10:52:00  |k Rodrigo Vera 
490 0 |a Colección Estudios Constitucionales 
999 |c 375149  |d 375147 
952 |0 0  |1 0  |3 erb  |4 0  |6 342_087300000000000_ALO_2016  |7 0  |8 WP_COW  |9 561093  |a BIBDER  |b BIBDER  |e Fundación W and P Cowley  |i 5596920  |o 342.0873 ALO 2016  |p 5596920  |r 2023-01-25  |w 2020-03-12  |y BK  |z Catalogado en:20190830  |k WPC